[Event "Porz 3 - Kleve"]
[Site "?"]
[Date "2024.05.05"]
[Round "9.6"]
[White "Menzel, Maximilian"]
[Black "Krebbers, Wilfried"]
[Result "0-1"]
[WhiteElo "2128"]
[BlackElo "2056"]
[PlyCount "112"]
[EventDate "2024.??.??"]
[SourceVersionDate "2020.03.16"]

1. d4 Nf6 2. Nf3 e6 3. g3 b6 4. Bg2 Bb7 5. c4 Bb4+ 6. Bd2 Bxd2+ 7. Qxd2 d6 8. O-O O-O 9. Nc3 Nbd7 10. d5 e5 11. e4 Nc5 12. Ne1 a5 13. Nc2 Bc8 14. Rae1 Ng4 15. f3 Nh6 16. f4 f6 17. f5 Bd7 18. Rd1 Qe8 19. Bf3 Nf7 20. Ne3 Ng5 21. Bg2 b5 22. h4 b4 23. hxg5 bxc3 24. Qxc3 fxg5 25. Qd2 h5 26. b3 Qe7 27. Rf2 Qf6 28. Bh1 Kf7 29. Rh2 Rh8 30. Qe2 g4 31. Ng2 Ke7 32. Qe3 Qh6 33. Qxh6 Rxh6 34. Nh4 Kf6 35. Kf2 Rb8 36. Ke3 a4 37. bxa4 Bxa4 38. Rdd2 Rb4 39. Rb2 Rxb2 40. Rxb2 Rh8 41. Ng2 Bd1 42. Ne1 Ra8 43. Kd2 Bf3 44. Nxf3 Nxe4+ 45. Ke1 Nxg3 46. Bg2 gxf3 47. Bxf3 h4 48. Bd1 Nxf5 49. Kf2 Ra3 50. Bb3 Nd4 51. Kg2 Kg5 52. Kh3 Kh5 53. Kh2 g5 54. Bd1+ g4 55. Rb8 Rxa2+ 56. Kg1 Ra1 0-1

[Event "Porz 3 - Kleve"]
[Site "?"]
[Date "2024.05.05"]
[Round "9.8"]
[White "Fieberg, Christoph"]
[Black "Hoenselaar, Dennis"]
[Result "1/2-1/2"]
[WhiteElo "1863"]
[BlackElo "1901"]
[PlyCount "51"]
[EventDate "2024.??.??"]
[SourceVersionDate "2020.03.16"]

1. e4 c5 2. Nf3 Nc6 3. d4 cxd4 4. Nxd4 e5 5. Nxc6 bxc6 6. Be2 Nf6 7. Bg5 Qa5+ 8. Qd2 Bb4 9. c3 Be7 10. Bxf6 Bxf6 11. b4 Qc7 12. O-O O-O 13. c4 Rb8 14. Nc3 Rd8 15. Rab1 d6 16. b5 Be6 17. bxc6 Qxc6 18. Nd5 Bxd5 19. cxd5 Qa4 20. Bd3 Qd4 21. Rfc1 Bg5 22. Rxb8 Rxb8 23. Qxg5 Qxd3 24. Qe7 Qa3 25. Qc7 Rf8 26. h3 {(=)} 1/2-1/2

[Event "Ratingen - Kamp- Lntfort"]
[Site "?"]
[Date "2024.05.05"]
[Round "9.1"]
[White "Ratering, Jona"]
[Black "Skoerys, Fabian"]
[Result "1-0"]
[WhiteElo "2165"]
[BlackElo "2016"]
[PlyCount "125"]
[EventDate "2024.??.??"]
[SourceVersionDate "2020.03.16"]

1. Nf3 Nf6 2. c4 e6 3. Nc3 d5 4. e3 Be7 5. b3 b6 6. cxd5 exd5 7. Bb2 c5 8. d4 Bb7 9. Bb5+ Nbd7 10. O-O O-O 11. Rc1 Rc8 12. Qe2 Qc7 13. Rfd1 Rfd8 14. Ba6 Ne4 15. Bxb7 Qxb7 16. dxc5 Nxc3 17. Bxc3 bxc5 18. Ba5 Re8 19. Qd3 Nf6 20. Bc3 Red8 21. Ng5 h6 22. Bxf6 hxg5 23. Bxe7 Qxe7 24. h3 Qf6 25. Rc2 c4 26. bxc4 dxc4 27. Rxc4 Rxd3 28. Rxc8+ Kh7 29. Rxd3 Qa1+ 30. Kh2 Qe5+ 31. f4 gxf4 32. exf4 Qxf4+ 33. Rg3 Qe5 34. Rcc3 a5 35. a3 Qd6 36. Rcd3 Qe5 37. Rde3 Qd6 38. Ref3 Qc7 39. Kg1 Qc1+ 40. Rf1 Qc5+ 41. Kh1 Kg8 42. Rgf3 Qe7 43. Rxf7 Qxa3 44. R7f3 Qb2 45. R3f2 Qa3 46. Re2 Kh7 47. Ree1 g5 48. Ra1 Qc5 49. Ra4 Kg6 50. Rfa1 Kh5 51. Rxa5 Qc3 52. R5a3 Qb2 53. R3a2 Qb3 54. Ra4 Qc3 55. Rg1 Qc6 56. Rg4 Qd5 57. Re1 Qc6 58. Rf1 Qd5 59. Rf3 Qd1+ 60. Kh2 Qd6+ 61. Rfg3 Kh6 62. Rxg5 Qf4 63. R5g4 1-0

[Event "Ratingen - Kamp- Lintfort"]
[Site "?"]
[Date "2024.05.05"]
[Round "9.2"]
[White "Probst, Andreas"]
[Black "Schneider, Christoph"]
[Result "1/2-1/2"]
[WhiteElo "2057"]
[BlackElo "2020"]
[PlyCount "39"]
[EventDate "2024.??.??"]
[SourceVersionDate "2020.03.16"]

1. d4 c5 2. d5 e5 3. dxe6 fxe6 4. e4 Nc6 5. Nc3 Be7 6. Nf3 d6 7. Bc4 a6 8. a4 Nf6 9. O-O O-O 10. Bg5 Kh8 11. Re1 Ng4 12. Bxe7 Qxe7 13. h3 Nge5 14. Nxe5 Nxe5 15. Bf1 b6 16. Qd2 Bb7 17. Rad1 Rad8 18. f4 Nc6 19. g3 Nd4 20. Bg2 1/2-1/2

[Event "Ratingen - Kamp- Lintfort"]
[Site "?"]
[Date "2024.05.05"]
[Round "9.3"]
[White "Hagen, Gunter"]
[Black "Kaspar, Uwe"]
[Result "1/2-1/2"]
[WhiteElo "2143"]
[BlackElo "1918"]
[PlyCount "51"]
[EventDate "2024.??.??"]
[SourceVersionDate "2020.03.16"]

1. d4 d6 2. c4 e5 3. dxe5 dxe5 4. Qxd8+ Kxd8 5. Nc3 c6 6. b3 Be6 7. Bb2 Nd7 8. g3 Be7 9. Bg2 Nh6 10. e4 f6 11. f4 Kc7 12. Nf3 Nc5 13. Ke2 Rad8 14. Rad1 Rxd1 15. Rxd1 exf4 16. gxf4 Rd8 17. Rxd8 Kxd8 18. Nd4 Bf7 19. Bc1 Ne6 20. Nxe6+ Bxe6 21. Be3 Bd6 22. h3 a6 23. c5 Bc7 24. Kd3 Nf7 25. h4 h6 26. Ne2 1/2-1/2

[Event "Ratingen - Kamp- Lintfort"]
[Site "?"]
[Date "2024.05.05"]
[Round "9.4"]
[White "Gatterer, Matthias"]
[Black "Westermann, Johannes"]
[Result "1/2-1/2"]
[WhiteElo "2010"]
[BlackElo "2056"]
[PlyCount "119"]
[EventDate "2024.??.??"]
[SourceVersionDate "2020.03.16"]

1. d4 d5 2. c4 c6 3. Nf3 Nf6 4. Nc3 dxc4 5. e3 b5 6. a4 Nd5 7. axb5 Nxc3 8. bxc3 cxb5 9. Ne5 Bb7 10. Rb1 a6 11. Bxc4 e6 12. O-O Nc6 13. Nxc6 Bxc6 14. Bd3 Be7 15. Bd2 O-O 16. c4 Qd7 17. cxb5 axb5 18. Bb4 Rfb8 19. Bxe7 Qxe7 20. Bxh7+ Kxh7 21. Qc2+ Kg8 22. Qxc6 b4 23. Rb3 Ra3 24. Rfb1 Qa7 25. g3 Rxb3 26. Rxb3 Qa5 27. Qc4 Qa1+ 28. Qf1 Qa5 29. Qc4 Qa1+ 30. Qf1 Qa5 31. Qb1 g6 32. e4 Rb5 33. d5 exd5 34. exd5 Qb6 35. Qe4 Qd8 36. Rxb4 Rxb4 37. Qxb4 Qxd5 38. Qf4 Qe6 39. h4 Qe2 40. Kh2 Kg7 41. g4 Qe7 42. Kg3 Qa3+ 43. Qe3 Qd6+ 44. Kh3 Qd1 45. Qe4 Qb3+ 46. Kg2 Qb5 47. Qf3 Qe5 48. h5 gxh5 49. gxh5 Qg5+ 50. Kh3 f6 51. Qg4 Kh6 52. Qxg5+ Kxg5 53. h6 Kxh6 54. Kg4 Kg6 55. Kf4 f5 56. Ke5 Kg5 57. f3 f4 58. Ke4 Kg6 59. Kxf4 Kf6 60. Kg4 1/2-1/2

[Event "Ratingen - Kamp- Lintfort"]
[Site "?"]
[Date "2024.05.05"]
[Round "9.5"]
[White "Bosser, Heinz-Dieter"]
[Black "Migdal, Benedikt"]
[Result "1/2-1/2"]
[WhiteElo "2008"]
[BlackElo "2063"]
[PlyCount "43"]
[EventDate "2024.??.??"]
[SourceVersionDate "2020.03.16"]

1. d4 d5 2. c4 c6 3. e3 Nf6 4. Nf3 a6 5. c5 Bf5 6. Nc3 Nbd7 7. Be2 h6 8. O-O Qc7 9. b4 e5 10. Nxe5 Nxe5 11. dxe5 Qxe5 12. Bb2 Be7 13. Qd4 Qxd4 14. exd4 O-O 15. Rfe1 Rfe8 16. Rad1 b5 17. Kf1 Nd7 18. Bd3 Bxd3+ 19. Rxd3 Bg5 20. Rxe8+ Rxe8 21. a4 Nf8 22. a5 1/2-1/2

[Event "Ratingen - Kamp- Lintfort"]
[Site "?"]
[Date "2024.05.05"]
[Round "9.6"]
[White "Liedtke, Dirk"]
[Black "Peschges, Paul"]
[Result "1-0"]
[WhiteElo "2087"]
[BlackElo "1929"]
[PlyCount "71"]
[EventDate "2024.??.??"]
[SourceVersionDate "2020.03.16"]

1. c4 e6 2. Nf3 d5 3. g3 Nf6 4. Bg2 c5 5. cxd5 exd5 6. d4 Nc6 7. O-O c4 8. b3 b5 9. a4 Na5 10. Nfd2 Bf5 11. axb5 Bxb1 12. bxc4 Bf5 13. Qa4 Nb7 14. b6+ Bd7 15. Qa6 Bc6 16. bxa7 Qc8 17. Bb2 Bb4 18. cxd5 Bxd5 19. Qb5+ Qd7 20. Qxb4 Bxg2 21. Kxg2 Nd5 22. Qa4 Nd6 23. e4 Nb6 24. Qxd7+ Kxd7 25. Rfc1 Rhe8 26. Kf3 f6 27. Rc5 Nbc8 28. Rca5 Nb6 29. Rc1 Nbc8 30. e5 Nf7 31. Ne4 fxe5 32. dxe5 Rxa7 33. e6+ Kxe6 34. Rxc8 Rxc8 35. Rxa7 g5 36. Rxf7 1-0

[Event "Ratingen - Kamp- Lintfort"]
[Site "?"]
[Date "2024.05.05"]
[Round "9.7"]
[White "Esser, Jochen"]
[Black "Hoeche, Alexander"]
[Result "1-0"]
[WhiteElo "2011"]
[BlackElo "1933"]
[PlyCount "83"]
[EventDate "2024.??.??"]
[SourceVersionDate "2020.03.16"]

1. e4 c5 2. d4 cxd4 3. c3 dxc3 4. Nxc3 e6 5. Nf3 Nc6 6. Bc4 a6 7. O-O b5 8. Bb3 Bb7 9. Qe2 Nge7 10. Bg5 h6 11. Be3 Na5 12. Bc2 Rc8 13. Rfd1 Nc4 14. Bc1 Ng6 15. Bb3 Na5 16. Bc2 Qc7 17. Bd3 Be7 18. g3 O-O 19. h4 Bc5 20. Kh2 Nc6 21. h5 Nge5 22. Nxe5 Nxe5 23. Bf4 d6 24. Rac1 Qb6 25. Bb1 Bxf2 26. Rc2 Bc5 27. a3 Nc4 28. Rd3 e5 29. Bc1 Qd8 30. Qg4 Kh7 31. Rf3 Rc7 32. Re2 Bc8 33. Rf5 g6 34. Nd5 gxf5 35. exf5 Rg8 36. f6+ Kh8 37. Qe4 Rg6 38. hxg6 fxg6 39. Qxg6 Qd7 40. Qxh6+ Kg8 41. Ne7+ Kf7 42. Qg6+ 1-0

[Event "Ratingen - Kamp- Lintfort"]
[Site "?"]
[Date "2024.05.05"]
[Round "9.8"]
[White "Katz, Rafael"]
[Black "Schubert, Mario"]
[Result "1-0"]
[WhiteElo "2009"]
[BlackElo "1874"]
[PlyCount "87"]
[EventDate "2024.??.??"]
[SourceVersionDate "2020.03.16"]

1. d4 Nf6 2. Nf3 d5 3. Bf4 e6 4. e3 Bd6 5. Ne5 a6 6. Nd2 c5 7. c3 O-O 8. Bd3 Qc7 9. Bg3 Nbd7 10. f4 b5 11. O-O c4 12. Bc2 g6 13. Bh4 Bb7 14. a3 Ne4 15. Nxe4 dxe4 16. Qg4 f5 17. Qh3 Nf6 18. Bxf6 Rxf6 19. g4 Qg7 20. Rad1 Bd5 21. Qh4 Rff8 22. Rf2 Be7 23. Qg3 Rfd8 24. Rg2 Rd6 25. h4 a5 26. h5 Rb6 27. Rh2 Bd8 28. hxg6 hxg6 29. g5 Bc7 30. Rh6 Bxe5 31. dxe5 b4 32. Rd2 bxc3 33. bxc3 Rb2 34. Rdh2 Rxc2 35. Rxc2 Qb7 36. Rxg6+ Kf7 37. Rf6+ Kg7 38. Rh2 Qb1+ 39. Kg2 Qc2+ 40. Qf2 Qd1 41. Rh4 Qf3+ 42. Kg1 Rb8 43. Rh7+ Kxh7 44. Qh4+ 1-0

[Event "Lasker Köln 2 - Dormagen"]
[Site "?"]
[Date "2024.05.05"]
[Round "9.1"]
[White "Hautot, Stephane"]
[Black "Cmiel, Thorsten"]
[Result "1-0"]
[WhiteElo "2359"]
[BlackElo "2075"]
[PlyCount "69"]
[EventDate "2024.??.??"]
[SourceVersionDate "2020.03.16"]

1. Nf3 d5 2. g3 e6 3. Bg2 Nf6 4. O-O Be7 5. d4 O-O 6. c4 c6 7. b3 b5 8. Nbd2 Nbd7 9. Qc2 Ba6 10. c5 b4 11. Re1 e5 12. dxe5 Ne8 13. a3 bxa3 14. Bxa3 Bb7 15. e4 d4 16. b4 a5 17. Nb3 axb4 18. Bxb4 Rxa1 19. Rxa1 Qb8 20. Na5 Ba8 21. Rb1 d3 22. Qxd3 Nxe5 23. Nxe5 Qxe5 24. Nc4 Qe6 25. f4 Nc7 26. f5 Qc8 27. Nd6 Qd7 28. Rd1 Rd8 29. Bf1 Bf6 30. Bc3 Bxc3 31. Qxc3 Nb5 32. Qa5 Rf8 33. Bc4 Nxd6 34. cxd6 c5 35. Bd5 1-0

[Event "Lasker Köln 2 - Dormagen"]
[Site "?"]
[Date "2024.05.05"]
[Round "9.2"]
[White "di Franco, Patricio"]
[Black "Harff, Marcel"]
[Result "0-1"]
[WhiteElo "2048"]
[BlackElo "2315"]
[PlyCount "88"]
[EventDate "2024.??.??"]
[SourceVersionDate "2020.03.16"]

1. Nf3 d5 2. g3 Nc6 3. Bg2 e5 4. d3 Nf6 5. c4 dxc4 6. Qa4 Bd6 7. Qxc4 O-O 8. O-O Be6 9. Qc2 h6 10. Nc3 a6 11. Bd2 Re8 12. Na4 Bg4 13. e3 e4 14. dxe4 Nxe4 15. Nh4 Nxd2 16. Qxd2 Ne5 17. Qc2 b5 18. Nc3 Rb8 19. h3 Be6 20. b3 Qc8 21. f4 Bxh3 22. fxe5 Bxe5 23. Qf2 Bxg2 24. Qxf7+ Kh7 25. Qg6+ Kh8 26. Kxg2 Bxc3 27. Rac1 b4 28. Rxc3 bxc3 29. Rf7 Rg8 30. Qd3 Rb6 31. Qxc3 Qa8+ 32. Kh2 Qd5 33. Rxc7 Rf6 34. Qc2 Qd6 35. Rc4 g5 36. Nf5 Qd7 37. e4 Rd8 38. Kh3 h5 39. Qc3 Qe6 40. Kg2 g4 41. Qc2 Rf7 42. Rc6 Rd2+ 43. Qxd2 Qxe4+ 44. Kg1 Qxc6 0-1

[Event "Lasker Köln 2 - Dormagen"]
[Site "?"]
[Date "2024.05.05"]
[Round "9.3"]
[White "Balduan, Markus"]
[Black "Fohler, Claus"]
[Result "1-0"]
[WhiteElo "2248"]
[BlackElo "2241"]
[PlyCount "69"]
[EventDate "2024.??.??"]
[SourceVersionDate "2020.03.16"]

1. c4 e6 2. Nf3 d5 3. d4 Nf6 4. Nc3 dxc4 5. e3 c5 6. Bxc4 Nc6 7. O-O cxd4 8. exd4 Bd6 9. Bg5 a6 10. d5 Na5 11. Be2 exd5 12. Bxf6 gxf6 13. Qxd5 Be6 14. Qh5 Qb6 15. Nd5 Bxd5 16. Qxd5 O-O-O 17. Qxf7 Rhe8 18. Rac1+ Kb8 19. Rc2 Re7 20. Qh5 Rg8 21. Rd1 Reg7 22. Bf1 Bc7 23. Qf5 Nc6 24. a3 Ne5 25. Nxe5 Bxe5 26. b4 Rg5 27. Qf3 Qe6 28. g3 R8g7 29. a4 Qb6 30. Kg2 Qxb4 31. Rd8+ Ka7 32. Qe3+ b6 33. Rcc8 Qf4 34. Ra8+ Kb7 35. Bxa6+ 1-0

[Event "Lasker Köln 2 - Dormagen"]
[Site "?"]
[Date "2024.05.05"]
[Round "9.4"]
[White "Rosenkraenzer, Torsten"]
[Black "Coenen, Michael"]
[Result "0-1"]
[WhiteElo "2036"]
[BlackElo "2333"]
[PlyCount "62"]
[EventDate "2024.??.??"]
[SourceVersionDate "2020.03.16"]

1. d4 Nf6 2. c4 e6 3. Nc3 Bb4 4. f3 d6 5. e4 c5 6. d5 O-O 7. Bd3 b5 8. Nge2 bxc4 9. Bxc4 exd5 10. Bxd5 Nxd5 11. Qxd5 Qb6 12. O-O Bb7 13. Qg5 Na6 14. Qg3 d5 15. Nxd5 Bxd5 16. exd5 Nc7 17. Nf4 c4+ 18. Kh1 Bd6 19. Qg4 f5 20. Qh4 Qd4 21. Qf2 Qxf2 22. Rxf2 Rfe8 23. Bd2 Rab8 24. Nh3 Rxb2 25. Bc3 Rxf2 26. Nxf2 Re2 27. Nh3 Nxd5 28. Bd4 c3 29. a4 Rd2 30. Bxa7 c2 31. Nf2 Ba3 0-1

[Event "Lasker Köln 2 - Dormagen"]
[Site "?"]
[Date "2024.05.05"]
[Round "9.5"]
[White "Litwak, Aleksej"]
[Black "Diesner, Michael"]
[Result "1-0"]
[WhiteElo "2230"]
[BlackElo "2004"]
[PlyCount "81"]
[EventDate "2024.??.??"]
[SourceVersionDate "2020.03.16"]

1. e4 c5 2. Nf3 d6 3. d4 Nf6 4. Nc3 cxd4 5. Nxd4 g6 6. Be3 Bg7 7. f3 O-O 8. Qd2 Nc6 9. O-O-O Nxd4 10. Bxd4 Be6 11. Kb1 Qc7 12. g4 Rfc8 13. h4 Qa5 14. a3 Rab8 15. h5 b5 16. Nd5 Qxd2 17. Rxd2 Bxd5 18. exd5 a5 19. hxg6 fxg6 20. g5 Nh5 21. Bh3 Rc4 22. Be6+ Kh8 23. Rh4 Bxd4 24. Rdxd4 Rxd4 25. Rxd4 Kg7 26. b4 axb4 27. Rxb4 Rf8 28. Bg4 h6 29. gxh6+ Kxh6 30. Rxb5 Rf4 31. Rb4 Kg5 32. Kb2 Nf6 33. Rxf4 Kxf4 34. c4 Ke3 35. Kc3 Ne8 36. Kb4 Nc7 37. Ka5 Kd4 38. Kb6 Ne8 39. a4 Kxc4 40. a5 Nf6 41. Be6 1-0

[Event "Lasker Köln 2 - Dormagen"]
[Site "?"]
[Date "2024.05.05"]
[Round "9.6"]
[White "Senay, Baris"]
[Black "Wimmer, Juergen"]
[Result "0-1"]
[WhiteElo "2024"]
[BlackElo "2186"]
[PlyCount "82"]
[EventDate "2024.??.??"]
[SourceVersionDate "2020.03.16"]

1. Nf3 c5 2. c4 Nc6 3. Nc3 g6 4. g3 Bg7 5. Bg2 e5 6. d3 Nge7 7. O-O d6 8. a3 O-O 9. Rb1 a5 10. Bd2 Rb8 11. Qc1 b6 12. Bh6 f6 13. Bxg7 Kxg7 14. Ne1 Be6 15. Nc2 d5 16. cxd5 Nxd5 17. Qd2 Nde7 18. b4 cxb4 19. axb4 Qd7 20. Rfd1 Rfc8 21. bxa5 Nxa5 22. Nb4 Nb3 23. Qb2 b5 24. Ncd5 Nxd5 25. Nxd5 Nd4 26. Nb4 Qd6 27. e3 Nb3 28. Nd5 Nc5 29. d4 Na4 30. Qd2 e4 31. Nf4 Nc3 32. d5 Bd7 33. Qb2 b4 34. Rd4 Nxb1 35. Qxb1 f5 36. Qb2 Qf6 37. Ne6+ Kf7 38. Qb3 Rc1+ 39. Bf1 Bb5 40. Nc7 Bxf1 41. d6+ Bc4+ 0-1

[Event "Lasker Köln 2 - Dormagen"]
[Site "?"]
[Date "2024.05.05"]
[Round "9.7"]
[White "Juegel, Marcel"]
[Black "Wolters, Michael"]
[Result "1/2-1/2"]
[WhiteElo "2129"]
[BlackElo "1947"]
[PlyCount "114"]
[EventDate "2024.??.??"]
[SourceVersionDate "2020.03.16"]

1. d4 Nf6 2. Nc3 d5 3. Bf4 c5 4. e4 dxe4 5. dxc5 Qa5 6. Qd2 Nc6 7. Nb5 Qxd2+ 8. Bxd2 Rb8 9. O-O-O e5 10. Be3 Bd7 11. g3 Ng4 12. Bh3 h5 13. Ne2 a6 14. Nc7+ Kd8 15. Bxg4 hxg4 16. Nd5 Ke8 17. Nec3 f5 18. Nc7+ Kd8 19. Ne6+ Ke8 20. Nxf8 Rxf8 21. Nd5 Kf7 22. Nc7 Be8 23. Rd6 Rh8 24. c3 Rd8 25. Nxe8 Rhxe8 26. h3 Rxd6 27. cxd6 gxh3 28. Rxh3 Nd8 29. Bg5 Ke6 30. Rh7 Nf7 31. Rxg7 Nxd6 32. Rg6+ Kd5 33. b3 b5 34. Be3 Rf8 35. Bg5 Rf7 36. Be3 f4 37. gxf4 exf4 38. Rg5+ Ke6 39. Rg6+ Kd5 40. Rg5+ Kc6 41. Bd4 Nf5 42. Rg6+ Kd5 43. Rg5 b4 44. Kd2 bxc3+ 45. Bxc3 e3+ 46. fxe3 f3 47. Ke1 Ke4 48. Kf2 Rc7 49. Rg4+ Kd3 50. Bd4 Re7 51. Rg6 Nxd4 52. exd4 Re2+ 53. Kxf3 Rxa2 54. d5 Kd4 55. d6 Kc5 56. d7 Rd2 57. Rxa6 Rxd7 1/2-1/2

[Event "Lasker Köln 2- Dormagen"]
[Site "?"]
[Date "2024.05.05"]
[Round "9.8"]
[White "Richstein, Tim"]
[Black "Bouaraba, Max"]
[Result "0-1"]
[WhiteElo "1797"]
[BlackElo "2137"]
[PlyCount "74"]
[EventDate "2024.??.??"]
[SourceVersionDate "2020.03.16"]

1. e4 c5 2. c3 d5 3. exd5 Qxd5 4. d4 Nc6 5. Nf3 Bg4 6. Be2 cxd4 7. cxd4 e6 8. Nc3 Qd7 9. d5 exd5 10. Qxd5 Qxd5 11. Nxd5 O-O-O 12. Nc3 Nf6 13. Be3 Bb4 14. Rc1 Nd5 15. Bd2 Rhe8 16. Kf1 Kb8 17. a3 Bxc3 18. Bxc3 Nxc3 19. Rxc3 Nd4 20. Re3 Rxe3 21. fxe3 Nf5 22. Kf2 Re8 23. h3 Bxf3 24. Bxf3 Rc8 25. Be4 Nd6 26. Bd3 Nc4 27. Rb1 Ne5 28. Be4 f5 29. Bd5 Rc2+ 30. Kg3 Rd2 31. e4 g5 32. b3 f4+ 33. Kh2 f3 34. Rg1 h5 35. h4 f2 36. Rf1 Ng4+ 37. Kg3 gxh4+ 0-1

[Event "Düsseldorf-Süd - KKS 2"]
[Site "?"]
[Date "2024.05.05"]
[Round "9.1"]
[White "Schmidt, Martin"]
[Black "Gula, Julian"]
[Result "1/2-1/2"]
[WhiteElo "2224"]
[BlackElo "2141"]
[PlyCount "98"]
[EventDate "2024.??.??"]
[SourceVersionDate "2020.03.16"]

1. d4 d5 2. Nc3 c6 3. Bf4 Bf5 4. f3 Nf6 5. g4 Bg6 6. h4 h6 7. e3 e6 8. h5 Bh7 9. Bd3 Bd6 10. Bxh7 Nxh7 11. Nh3 Ng5 12. Bxd6 Qxd6 13. f4 Nxh3 14. Rxh3 Nd7 15. Qf3 Qb4 16. O-O-O O-O-O 17. e4 Nb6 18. a3 Qa5 19. e5 Nc4 20. Na2 c5 21. Qf2 cxd4 22. Qxd4 Kb8 23. Kb1 Rc8 24. Nc1 Rc6 25. f5 Qb6 26. Qxb6 Rxb6 27. Nd3 Nxa3+ 28. Kc1 Nc4 29. b3 Na5 30. fxe6 fxe6 31. Rf1 Rc6 32. Kb2 Rhc8 33. Rh2 R6c7 34. Rhf2 Nc6 35. Rf7 b6 36. c3 Kb7 37. b4 Rxf7 38. Rxf7+ Rc7 39. Rf8 a6 40. Re8 Re7 41. Rf8 Kc7 42. Kb3 Nd8 43. Nf4 Kd7 44. Ng6 Rf7 45. Rg8 Nc6 46. Nf8+ Ke7 47. Ng6+ Kd7 48. Nf8+ Ke7 49. Ng6+ Kd7 1/2-1/2

[Event "Düsseldorf-Süd - KKS 2"]
[Site "?"]
[Date "2024.05.05"]
[Round "9.2"]
[White "Tagsold, Christian"]
[Black "Bonnmann, Reinhard"]
[Result "1/2-1/2"]
[WhiteElo "2134"]
[BlackElo "2263"]
[PlyCount "99"]
[EventDate "2024.??.??"]
[SourceVersionDate "2020.03.16"]

1. c4 g6 2. Nc3 Bg7 3. g3 d6 4. Bg2 Nc6 5. Nf3 Nf6 6. O-O O-O 7. d3 e5 8. Rb1 a5 9. a3 h6 10. b4 axb4 11. axb4 Be6 12. b5 Ne7 13. Bb2 Qd7 14. Ra1 Bh3 15. Rxa8 Rxa8 16. Qb3 Bxg2 17. Kxg2 Qe6 18. Ra1 Rxa1 19. Bxa1 Nd7 20. Qa2 Nc5 21. Na4 Nxa4 22. Qxa4 f5 23. Qa8+ Qc8 24. Qxc8+ Nxc8 25. Nd2 Kf7 26. Nb3 b6 27. f3 Bf6 28. e4 Ne7 29. Bb2 h5 30. Nc1 Bg5 31. Ne2 Be3 32. Bc1 Bxc1 33. Nxc1 c6 34. bxc6 Nxc6 35. Kf2 Na7 36. Na2 b5 37. cxb5 Nxb5 38. Nb4 Ke6 39. Nd5 g5 40. h3 Nd4 41. Nc7+ Kf7 42. Nd5 f4 43. h4 fxg3+ 44. Kxg3 Ne2+ 45. Kf2 Nc1 46. Kg3 Nxd3 47. hxg5 Kg6 48. Kh4 Ne1 49. Ne7+ Kf7 50. Nf5 1/2-1/2

[Event "Düsseldorf-Süd - KKS 2"]
[Site "?"]
[Date "2024.05.05"]
[Round "9.3"]
[White "Raasch, Joerg"]
[Black "Kontorovitch, Vladimir"]
[Result "1/2-1/2"]
[WhiteElo "2244"]
[BlackElo "2078"]
[PlyCount "64"]
[EventDate "2024.??.??"]
[SourceVersionDate "2020.03.16"]

1. d4 Nf6 2. Nf3 e6 3. c4 b6 4. g3 Ba6 5. Qa4 Bb7 6. Bg2 Be7 7. O-O O-O 8. Nc3 d6 9. b4 a5 10. b5 Nbd7 11. Rd1 Ne4 12. Bb2 Ndf6 13. Rac1 Qe8 14. Qc2 Nxc3 15. Bxc3 Be4 16. Qb2 Nd7 17. c5 Nf6 18. cxb6 cxb6 19. Bd2 Qd7 20. Ne1 Rac8 21. f3 Bb7 22. e4 Rxc1 23. Rxc1 Rc8 24. a4 Rxc1 25. Qxc1 Qc8 26. Qxc8+ Bxc8 27. Nd3 Nd7 28. Be3 Kf8 29. Kf2 Bd8 30. Ke2 Ke7 31. Nb2 Bb7 32. Nd1 Bc7 1/2-1/2

[Event "Düsseldorf-Süd - KKS 2"]
[Site "?"]
[Date "2024.05.05"]
[Round "9.4"]
[White "Hoffmann, Andre"]
[Black "Wisskirchen, Andreas"]
[Result "1/2-1/2"]
[WhiteElo "2019"]
[BlackElo "2210"]
[PlyCount "53"]
[EventDate "2024.??.??"]
[SourceVersionDate "2020.03.16"]

1. e4 c5 2. Nf3 d6 3. d4 cxd4 4. Nxd4 Nf6 5. f3 g6 6. c4 Bg7 7. Be3 O-O 8. Nc3 Nc6 9. Qd2 Bd7 10. Be2 a6 11. O-O Qb8 12. Nc2 Ne5 13. a4 Qc7 14. b3 b6 15. Rac1 Qb7 16. Nb4 Bc6 17. Rc2 Ned7 18. Nxc6 Qxc6 19. Nd5 Rfe8 20. Rfc1 Nc5 21. Qb4 a5 22. Qa3 e6 23. Nc3 Nfd7 24. Rd1 Bf8 25. Qa2 Nb8 26. Rcd2 Nba6 27. Qb1 1/2-1/2

[Event "Düsseldorf-Süd - KKS 2"]
[Site "?"]
[Date "2024.05.05"]
[Round "9.5"]
[White "Schwibbert, Jonas"]
[Black "Reinartz, Achim"]
[Result "1/2-1/2"]
[WhiteElo "2159"]
[BlackElo "1943"]
[PlyCount "134"]
[EventDate "2024.??.??"]
[SourceVersionDate "2020.03.16"]

1. e4 d5 2. exd5 Qxd5 3. Nc3 Qd6 4. d4 Nf6 5. Bc4 g6 6. Nge2 a6 7. Bf4 Qc6 8. Bb3 Qxg2 9. Rg1 Qc6 10. Qd2 Bg4 11. d5 Qd7 12. Nd4 Qc8 13. f3 Bd7 14. O-O-O c5 15. dxc6 Nxc6 16. Qe3 Bg7 17. Bh6 O-O 18. h4 Nxd4 19. Rxd4 e5 20. Bxg7 Kxg7 21. Qxe5 Qe8 22. Qg5 h6 23. Qd2 Qe5 24. Re1 Qg3 25. Ne2 Qf2 26. Rd6 Rac8 27. Nc3 Qxd2+ 28. Kxd2 Bc6 29. Re3 Rfd8 30. Rxd8 Rxd8+ 31. Ke2 Kf8 32. Ne4 Nxe4 33. fxe4 Rd4 34. Bd5 Bxd5 35. exd5 Rxd5 36. Kf3 Rd4 37. Kg3 f5 38. Rb3 b5 39. Ra3 Rd6 40. Ra5 Rc6 41. c3 Kf7 42. a4 bxa4 43. Rxa4 Kf6 44. Rd4 g5 45. hxg5+ hxg5 46. Rd8 Ke5 47. Rg8 Rb6 48. Rxg5 Rxb2 49. Rg6 Ra2 50. Kf3 Ra3 51. Rc6 a5 52. Rc5+ Ke6 53. Kf4 Ra1 54. c4 Rf1+ 55. Ke3 Re1+ 56. Kd2 Re5 57. Rc6+ Ke7 58. c5 f4 59. Rc7+ Ke6 60. Rc8 f3 61. c6 Re2+ 62. Kd1 Kd6 63. c7 Re3 64. Ra8 f2 65. Rf8 Kxc7 66. Rxf2 Kb6 67. Kc2 Kb5 1/2-1/2

[Event "Düsseldorf-Süd - KKS 2"]
[Site "?"]
[Date "2024.05.05"]
[Round "9.6"]
[White "Hamm, Norbert"]
[Black "Maric, Boris"]
[Result "0-1"]
[WhiteElo "1943"]
[BlackElo "2083"]
[PlyCount "82"]
[EventDate "2024.??.??"]
[SourceVersionDate "2020.03.16"]

1. d4 Nf6 2. c4 b6 3. Nc3 Bb7 4. f3 d5 5. cxd5 Nxd5 6. e4 Nxc3 7. bxc3 e6 8. Bb5+ c6 9. Bd3 Be7 10. Ne2 O-O 11. O-O c5 12. Be3 cxd4 13. cxd4 Ba6 14. Rc1 Qd7 15. Bxa6 Nxa6 16. Qb3 Rac8 17. Rxc8 Rxc8 18. Rd1 Nb4 19. a3 Nc6 20. d5 exd5 21. Rxd5 Qb7 22. Qd3 h6 23. Bf4 Bc5+ 24. Kf1 Qe7 25. g3 Bxa3 26. Rd7 Qe6 27. Qd5 Qh3+ 28. Ke1 Bb4+ 29. Bd2 Bxd2+ 30. Kxd2 Qxd7 31. Qxd7 Rd8 32. Qxd8+ Nxd8 33. Kd3 Nc6 34. f4 Kf8 35. Kc4 Ke7 36. Nc3 Kd6 37. e5+ Ke6 38. Kb5 Nd4+ 39. Ka6 h5 40. Nb5 Nxb5 41. Kxb5 g5 0-1

[Event "Düsseldorf-Süd - KKS 2"]
[Site "?"]
[Date "2024.05.05"]
[Round "9.7"]
[White "Goldenstein, Arnd"]
[Black "Heinzel, Thomas"]
[Result "0-1"]
[WhiteElo "1930"]
[BlackElo "1854"]
[PlyCount "74"]
[EventDate "2024.??.??"]
[SourceVersionDate "2020.03.16"]

1. d4 d5 2. c4 e6 3. Nc3 c5 4. e3 Nf6 5. Nf3 a6 6. cxd5 exd5 7. Be2 Nc6 8. O-O Bd6 9. b3 O-O 10. Bb2 Re8 11. dxc5 Bxc5 12. Na4 Be7 13. Nd4 Bd7 14. Nxc6 Bxc6 15. Qd4 Qd6 16. Nb6 Rad8 17. Rfd1 Bf8 18. Bf3 Ne4 19. Na4 Ng5 20. Be2 Re4 21. Qd2 Rh4 22. f4 Ne4 23. Qe1 Qh6 24. h3 Rd6 25. Kh2 Rg6 26. Bf3 Bd7 27. Qxh4 Qxh4 28. Bxe4 Qg3+ 29. Kh1 dxe4 30. Rd2 Bxh3 31. Rg1 Bg4 32. Rf1 Rh6+ 33. Kg1 Qxe3+ 34. Rdf2 b5 35. Bc1 Qg3 36. Rc2 bxa4 37. bxa4 e3 0-1